00314nam a2200121Ia 4500008004100000041000800041082002000049100003400069245002600103260003200129502001400161999001700175230128s9999 xx 000 0 und d aeng aSHI PR0238bSHI aShingrut S S (2K4226)9118935 aBilling and Inventory c2006bPune UniversityaPune cRamdasi M c97233d97233